| 000 | 01277nam a22003497a 4500 | ||
|---|---|---|---|
| 003 | CHAP | ||
| 005 | 20220817044528.0 | ||
| 008 | 120622s2011 mx a r 00010 spa d | ||
| 010 | _a103418 | ||
| 011 | _a104390 | ||
| 020 | _a9786071202154 | ||
| 035 | _a115080 | ||
| 040 | _cCHAP | ||
| 082 | 0 | 4 |
_a628.36 _bH43 |
| 100 | 1 |
_aHernández Acosta, Elizabeth. _953773 |
|
| 245 | 1 | 0 |
_aUso de aguas residuales en la agricultura : _bEstudio de casos; distrito de riego 028, Tulancingo, Hidalgo, México _c/por Elizabeth Hernández Acosta |
| 260 |
_aChapingo, Méx. : _bUACH. Departamento de Suelos, _c2011 |
||
| 300 |
_a239 p. : _bilus., cuadros |
||
| 590 |
_aBATCH-UPD _b10 _c20130110 _lUCH01 _h1324 |
||
| 590 |
_aBATCH-UPD _b10 _c20130410 _lUCH01 _h0832 |
||
| 590 |
_aBATCH-UPD _b10 _c20130914 _lUCH01 _h0105 |
||
| 590 |
_aBATCH-UPD _b10 _c20141001 _lUCH01 _h1313 |
||
| 590 |
_aCONVERSION _b10 _c20130109 _lUCH01 _h1357 |
||
| 650 | 1 | 4 |
_aAgua _xAprovechamiento _zHidalgo. _92310 |
| 650 | 1 | 4 |
_aAgua _xUtilización. _92401 |
| 650 | 1 | 4 |
_aAguas residuales para irrigación. _92591 |
| 650 | 1 | 4 | _aDistrito de Riego Tulancingo, Hgo. |
| 650 | 1 | 4 |
_aSuelos agrícolas. _9110531 |
| 901 | _aBK | ||
| 942 | _cLIBRO | ||
| 949 |
_a628.36 H43 _bBC _cUACH _d33724002321347 _eUACH _gDonaciØn _h117881 _i115080 _st |
||
| 999 |
_c103418 _d103418 |
||